000 00392nab a2200145Ia 4500
003 ES-SlBCS
005 20210601134621.0
008 140529s1983 xxu||||| |||| 00| 0 spa d
041 _aspa
100 1 _aAguiar, Rafael
_9220477
245 0 0 _aEspíritu de libertad
_c Rafael Aguiar
650 0 4 _aTeatro
_992860
773 0 _tAnthropos
_gvol. 4, nº. 7, 1983, págs. 99-117
_wRev38
942 _cAR
999 _c615357
_d615357